Comprehensive and systematic patterns of conversational Shona for the would-be speaker (Record no. 130425)
[ view plain ]
| 000 -LEADER | |
|---|---|
| fixed length control field | 00494nam a22001457a 4500 |
| 008 - FIXED-LENGTH DATA ELEMENTS--GENERAL INFORMATION | |
| fixed length control field | 200318b ||||| |||| 00| 0 eng d |
| 050 ## - LIBRARY OF CONGRESS CALL NUMBER | |
| Classification number | PL9681.1.R185 |
| 110 ## - MAIN ENTRY--CORPORATE NAME | |
| Corporate name or jurisdiction name as entry element | Ranche House College |
| 9 (RLIN) | 49710 |
| 245 ## - TITLE STATEMENT | |
| Title | Comprehensive and systematic patterns of conversational Shona for the would-be speaker |
| Statement of responsibility, etc | Ranche House College |
| 250 ## - EDITION STATEMENT | |
| Edition statement | 2nd. ed. |
| 260 ## - PUBLICATION, DISTRIBUTION, ETC. (IMPRINT) | |
| Place of publication, distribution, etc | Harare |
| Name of publisher, distributor, etc | Ranche House College |
| Date of publication, distribution, etc | 1993 |
| 300 ## - PHYSICAL DESCRIPTION | |
| Extent | 169p. ; |
| Dimensions | 31cm. |
| 650 ## - SUBJECT ADDED ENTRY--TOPICAL TERM | |
| Topical term or geographic name as entry element | Shona language |
| General subdivision | Grammar |
| 9 (RLIN) | 43047 |
| 942 ## - ADDED ENTRY ELEMENTS (KOHA) | |
| Source of classification or shelving scheme | Library of Congress Classification |
| Item type | Monograph ( Printed materials) |
| Withdrawn status | Lost status | Source of classification or shelving scheme | Damaged status | Not for loan | Collection code | Home library | Current library | Shelving location | Date acquired | Total Checkouts | Full call number | Barcode | Date last seen | Price effective from | Koha item type |
|---|---|---|---|---|---|---|---|---|---|---|---|---|---|---|---|
| Library of Congress Classification | Main Collection | ARRUPE LIBRARY | ARRUPE LIBRARY | Main Collection | 18/03/2020 | PL9681.1.R185 | 46600006855 | 18/03/2020 | 18/03/2020 | Monograph ( Printed materials) |